La vie en France au moyen âge d'après quelques moralistes du temps / (Registro nro. 89446)
[ vista simple ]
| 000 -LEADER | |
|---|---|
| campo de control de longitud fija | 00517nam a2200169 i 4500 |
| 001 - NÚMERO DE CONTROL | |
| campo de control | 89446 |
| 003 - IDENTIFICADOR DE NÚMERO DE CONTROL | |
| campo de control | ES-MaACL |
| 005 - FECHA Y HORA DE LA ÚLTIMA TRANSACCIÓN | |
| campo de control | 20230906180157.0 |
| 007 - CAMPO FIJO DE DESCRIPCIÓN FÍSICA--INFORMACIÓN GENERAL | |
| campo de control de longitud fija | t| |
| 008 - DATOS DE LONGITUD FIJA--INFORMACIÓN GENERAL | |
| campo de control de longitud fija | 050110s1911 fr ||||1| fre d |
| 100 1# - ENTRADA PRINCIPAL--NOMBRE DE PERSONA | |
| Nombre de persona | Langlois, Charles-Victor. |
| 9 (RLIN) | 70063 |
| 245 13 - MENCIÓN DEL TÍTULO | |
| Título | La vie en France au moyen âge d'après quelques moralistes du temps / |
| Mención de responsabilidad, etc. | Ch. Victor Langlois. |
| 250 ## - MENCION DE EDICION | |
| Mención de edición | 2eme ed. |
| 260 ## - PUBLICACIÓN, DISTRIBUCIÓN, ETC. | |
| Lugar de publicación, distribución, etc. | París : |
| Nombre del editor, distribuidor, etc. | [s.n., |
| Fecha de publicación, distribución, etc. | 1911] ( |
| Lugar de fabricación/manufactura | Chartres : |
| Fabricante | Imp. Durand) |
| 300 ## - DESCRIPCIÓN FÍSICA | |
| Extensión | XIX, 359 p. ; |
| Dimensiones | 19 cm. |
| 852 ## - LOCALIZACIÓN | |
| Ubicación | ES-MaACL |
| Número de control de estantería | F-9325 |
| Estatus retirado | Estado de pérdida | Estado de daño | No para préstamo | Biblioteca de origen | Biblioteca actual | Ubicación en estantería | Fecha de adquisición | Fuente de adquisición | Total de préstamos | Signatura topográfica completa | Código de barras | Visto por última vez | Precio de reemplazo | Tipo de ítem Koha |
|---|---|---|---|---|---|---|---|---|---|---|---|---|---|---|
| Biblioteca del Ateneo de Madrid | Biblioteca del Ateneo de Madrid | Sala Pecera Planta 2 | 17/01/2008 | F-9325 | 1093415 | 23/02/2023 | 23/02/2023 | Libro impreso |
